000 00748nam a2200217 i 4500
001 50606
003 ES-MaACL
005 20250823051515.0
007 t|
008 030805s1983 sp ||||1| spa d
100 1 _aCunqueiro, Álvaro,
_d1911-1981
_942188
245 1 0 _aAntología poética /
_cAlvaro Conqueiro ; selección, prólogo y traducción de César Antonio Molina.
250 _a[1ª ed.].
260 _a[Esplugues de Llobregat (Barcelona)] :
_bPlaza & Janés,
_c[1983]
300 _a286 p. ;
_c19 cm.
490 1 _aSelecciones de poesía española
700 1 _aMolina, César Antonio.
_981883
830 0 _aSelecciones de Poesía Española
_9181179
852 _aES-MaACL
_jL-4595
_bR.105138
999 _c50606
_d50606